Rice, postharvest technology / (Record no. 11533)

000 -LEADER
fixed length control field 00621nam a2200253Ii 4500
020 ## - INTERNATIONAL STANDARD BOOK NUMBER
ISBN 0889360677
040 ## - CATALOGING SOURCE
Transcribing agency EEM
082 ## - DEWEY DECIMAL CLASSIFICATION NUMBER
Classification number 664 INT 1976 A037 Or.
245 00 - TITLE STATEMENT
Title Rice, postharvest technology /
260 ## - PUBLICATION, DISTRIBUTION, ETC. (IMPRINT)
Place of publication Ottawa :
Name of publisher International Development Research Centre,
Year of publication 1976
300 ## - PHYSICAL DESCRIPTION
Number of Pages 394 p. :
Other physical details ill. ;
Dimensions 25 cm
490 1# - SERIES STATEMENT
Series statement IDRC ; 053e
500 ## - GENERAL NOTE
General note Includes index
650 #0 - SUBJECT ADDED ENTRY--TOPICAL TERM
Topical Term Rice
650 #0 - SUBJECT ADDED ENTRY--TOPICAL TERM
Topical Term Rice
650 #0 - SUBJECT ADDED ENTRY--TOPICAL TERM
Topical Term Rice
650 #0 - SUBJECT ADDED ENTRY--TOPICAL TERM
Topical Term Rice
650 #0 - SUBJECT ADDED ENTRY--TOPICAL TERM
Topical Term Rice
650 #0 - SUBJECT ADDED ENTRY--TOPICAL TERM
Topical Term Rice
700 10 - ADDED ENTRY--PERSONAL NAME
Personal name Graham, Michael
700 10 - ADDED ENTRY--PERSONAL NAME
Personal name De Padua, Dante Barona,
700 10 - ADDED ENTRY--PERSONAL NAME
Personal name Araullo, Epifania Valbuena
942 ## - ADDED ENTRY ELEMENTS (KOHA)
Koha item type សៀវភៅភាសាអង់គ្លេស
952 ## - LOCATION AND ITEM INFORMATION (KOHA)
Withdrawn status [LOCAL, KOHA] 0
Holdings
Permanent Location Date acquired Koha item type Lost status Shelving location Barcode Current Location Full call number
Library Block A2017-08-03សៀវភៅភាសាអង់គ្លេស A037A09683Library Block A664 INT 1976 A037 Or.
មជ្ឈមណ្ឌលឯការនៃសាកលវិទ្យាល័យភូមិន្ទកសិកម្មចំការដូង

Powered by Koha